Catálogo
 En Linea

Maneras de mirar : (Registro nro. 26698)

Detalles MARC
000 -CABECERA
campo de control de longitud fija 00646nam a2200157 a 4500
001 - NÚMERO DE CONTROL
campo de control 000027206
005 - FECHA Y HORA DE LA ÚLTIMA TRANSACCIÓN
campo de control 20200930030654.0
008 - DATOS DE LONGITUD FIJA--INFORMACIÓN GENERAL
campo de control de longitud fija 110330s2005 dr 000 0 spa d
040 ## - FUENTE DE LA CATALOGACIÓN
Centro catalogador/agencia de origen DO-SdBNP
Lengua de catalogación spa
Centro/agencia transcriptor BNPHU
245 13 - MENCIÓN DE TÍTULO
Título Maneras de mirar :
Resto del título lecturas antropologícas de la fotografía /
Mención de responsabilidad, etc. Coodinadro Carmen Ortiz García, Cristina Sánchez Carretero, Antonio Cea Gutierrez.
260 ## - PUBLICACIÓN, DISTRIBUCIÓN, ETC.
Lugar de publicación, distribución, etc. Madrid :
Nombre del editor, distribuidor, etc. Consejo Superior de Investigación Científicas,
Fecha de publicación, distribución, etc. 2005.
300 ## - DESCRIPCIÓN FÍSICA
Extensión 281 p. ;
Dimensiones 25 cm.
Otras características físicas il.,retrs.
700 1# - PUNTO DE ACCESO ADICIONAL--NOMBRE DE PERSONA
Nombre de persona Ortiz García,Carmen
Término indicativo de función/relación coor.
9 (RLIN) 54271
700 1# - PUNTO DE ACCESO ADICIONAL--NOMBRE DE PERSONA
Nombre de persona Sánchez Carretero, Cristina
Término indicativo de función/relación coor.
9 (RLIN) 54272
700 1# - PUNTO DE ACCESO ADICIONAL--NOMBRE DE PERSONA
Nombre de persona Cea Gutierrez, Antonio
9 (RLIN) 54273
Existencias
Estado de retiro Estado de pérdida No para préstamo Código de colección Localización permanente Ubicación/localización actual Ubicación en estantería Fecha de adquisición Número de inventario Total de préstamos Signatura topográfica completa Código de barras Fecha visto por última vez Precio válido a partir de Tipo de ítem Koha
    Excluido de préstamo Patrimonio Dominicano General General En catalogación 30.03.2011 LF1   27206-10 25.06.2020 25.06.2020 Libro y Folleto Colección Patrimonio Dominicano

Con tecnología Koha